|
|
|
|
| LEADER |
01005nam a2200289 4500 |
| 001 |
000013397 |
| 003 |
9738 |
| 005 |
20120604080636.0 |
| 008 |
120314s1971 viesd |
| 041 |
0 |
|
|a vie
|
| 082 |
|
|
|a 547
|b RE-O
|
| 100 |
0 |
|
|a Rêutôp. O.A
|
| 245 |
1 |
0 |
|a Cơ sở lý thuyết hóa học hữu cơ
|c Rêutôp. O.A
|n Tập 2
|
| 260 |
|
|
|a H.
|b Khoa học và kỹ thuật
|c 1971
|
| 300 |
|
|
|a 343 tr.
|
| 700 |
|
|
|a Hoàng Trọng Yêm
|a Ngô Văn Thông
|a Ngô Thị Thuận
|e dịch
|
| 773 |
|
|
|t Cơ sở lý thuyết hóa hữu cơ
|w 9733
|
| OWN |
|
|
|a LSP
|
| AVA |
|
|
|a UDN50
|b LSP
|d 547 RE-O
|e available
|t Error 5001 Not defined in file expand_doc_bib_avail.
|f 1
|g 0
|h N
|i 0
|k 1
|
| 999 |
|
|
|a From the UDN01
|
| AVA |
|
|
|a UDN50
|b LSP
|d 547 RE-O
|e available
|t Error 5001 Not defined in file expand_doc_bib_avail.
|f 1
|g 0
|h N
|i 0
|k 1
|
| TYP |
|
|
|a Monograph
|
| TYP |
|
|
|a Printed language
|
| 980 |
|
|
|a Mạng thư viện Đại học Đà Nẵng
|